Loading...
Language and gender /
| Main Author: | |
|---|---|
| Other Authors: | |
| Format: | Printed Book |
| Language: | English |
| Published: |
Cambridge ; New York :
Cambridge University Press,
2003.
|
| Subjects: | |
| Online Access: | Sample text Table of contents Publisher description Contributor biographical information |
| LEADER | 01564cam a2200337 a 4500 | ||
|---|---|---|---|
| 001 | 12760331 | ||
| 003 | OSt | ||
| 005 | 20201201161139.0 | ||
| 008 | 020430s2003 enka b 001 0 eng | ||
| 010 | |a 2002067619 | ||
| 020 | |a 0521652839 (hardback) | ||
| 020 | |a 0521654262 (pbk.) | ||
| 040 | |a DLC |c DLC |d DLC | ||
| 050 | 0 | 0 | |a P120.S48 |b E34 2003 |
| 082 | 0 | 0 | |a 306.44 |2 21 |b ECK |
| 100 | 1 | |a Eckert, Penelope. | |
| 245 | 1 | 0 | |a Language and gender / |c Penelope Eckert, Sally McConnell-Ginet. |
| 260 | |a Cambridge ; |a New York : |b Cambridge University Press, |c 2003. | ||
| 300 | |a xii, 366 p. : |b ill. ; |c 26 cm. | ||
| 504 | |a Includes bibliographical references (p. 333-356) and index. | ||
| 650 | 0 | |a Language and languages |x Sex differences. | |
| 700 | 1 | |a McConnell-Ginet, Sally. | |
| 856 | 4 | 1 | |3 Sample text |u http://www.loc.gov/catdir/samples/cam033/2002067619.html |
| 856 | 4 | 1 | |3 Table of contents |u http://www.loc.gov/catdir/toc/cam031/2002067619.html |
| 856 | 4 | 2 | |3 Publisher description |u http://www.loc.gov/catdir/description/cam022/2002067619.html |
| 856 | 4 | 2 | |3 Contributor biographical information |u http://www.loc.gov/catdir/enhancements/fy0731/2002067619-b.html |
| 906 | |a 7 |b cbc |c orignew |d 1 |e ocip |f 20 |g y-gencatlg | ||
| 942 | |2 ddc |c BK | ||
| 955 | |a pc22 2002-04-30 to SSCD |c lg12 2002-05-02; HLCD lg12 05-02-2002 to le03/Slavic for subject |a aa03 2002-05-06 |a ps02 2003-05-29 2 copies rec'd., to CIP ver. | ||
| 999 | |c 315600 |d 315600 | ||
| 952 | |0 0 |1 0 |2 ddc |4 0 |6 306_440000000000000_ECK |7 0 |9 337546 |a GER |b GER |d 2020-12-01 |l 0 |o 306.44 ECK |p GER10657 |r 2020-12-01 |w 2020-12-01 |y BK | ||